| 000 | 00723nam a2200193 a 4500 | ||
|---|---|---|---|
| 003 | 0 | ||
| 005 | 20250423071644.0 | ||
| 008 | 060729s19uu xx 00 eng d | ||
| 050 |
_aPHS BL 639.T6 _b.G37 2006 |
||
| 100 | _aGarcia, Regine Ilyssa L. | ||
| 245 |
_aReligious tolerance among the upper school students / _cRegine Ilyssa L. Garcia. |
||
| 260 |
_aLas PiƱas City, Philippines : _bSouthville International School and Colleges, _c2006. |
||
| 300 |
_a31 pages : _billustrations ; _c28 cm. |
||
| 504 | _aIncludes bibliographical references. | ||
| 650 |
_aReligious tolerance _xStudy and teaching (Secondary). |
||
| 650 |
_aTolerance _xReligious aspects. |
||
| 650 |
_aReligious pluralism _xStudents. |
||
| 942 |
_2lcc _cPASS |
||
| 999 |
_c97606 _d97606 |
||